[Event "Fall Chess Classic-A 2018"]
[Site "Saint Louis"]
[Date "2018.10.16"]
[Round "7"]
[White "Kuzubov, Yuriy"]
[Black "Swiercz, Dariusz"]
[Result "0-1"]
[WhiteElo "2655"]
[BlackElo "2656"]
[Annotator "TA"]
[PlyCount "174"]
[EventDate "2018.10.10"]
[EventType "tourn"]
[EventCountry "USA"]
[SourceTitle "playchess.com"]
[Source "ChessBase"]
[SourceQuality "1"]

{[%evp 24,174,24,25,7,18,18,22,25,17,18,15,43,40,37,41,42,52,46,37,57,54,92,14,105,72,133,114,150,106,130,118,97,85,116,108,95,62,82,67,65,39,32,10,25,33,15,27,25,0,20,0,47,8,22,20,60,31,46,-137,-144,-141,-147,-137,-130,-136,-87,-78,-80,-121,-90,-190,-179,-189,-196,-179,-182,-198,-193,-181,-175,-163,-134,-145,-143,-146,-120,-167,-174,-205,-220,-210,-135,-135,-135,-222,-212,-214,-218,-187,-180,-139,-139,-185,-139,-139,-143,-150,-129,-258,-240,-245,-235,-441,-420,-618,-600,-599,-510,-608,-452,-537,-381,-695,-678,-727,-705,-698,-683,-676,-676,-647,-618,-637,-626,-630,-484,-588,0,-561,-554,-539,-539,-29974,-29975,-29975,-29976,-29977,-29973,-29984,-29985,-29989,-29990]} 1. Nf3 Nf6 2. c4 c6 3. d4 d5 4. e3 Bf5 5. Nc3 e6 6. Nh4 Be4 7. f3 Bg6 8. Qb3 Qc7 9. Bd2 {D12: Slav Defence: 3 Nf3 Nf6 4 e3 Bf5} Be7 10. g3 (10. O-O-O dxc4 11. Bxc4 a6 12. Be2 Nbd7 13. Nxg6 hxg6 14. Kb1 c5 15. d5 exd5 16. Nxd5 Nxd5 17. Qxd5 {0-1 (31) Karjakin,S (2773)-Caruana,F (2822) Saint Louis 2018}) 10... O-O 11. Nxg6 hxg6 12. Rc1 Qd7 13. Be2 {LiveBook: 3 Games} dxc4 14. Qxc4 Rd8 {[#]} 15. Nb1 $146 ({Predecessor:} 15. Rd1 b5 16. Qb3 a6 {½-½ (31) Ivanchuk,V (2710)-Bluebaum,M (2590) Doha 2015}) 15... Na6 16. b4 Nc7 17. O-O Nfd5 18. Qb3 Nb6 19. Rfd1 Qd5 20. Qb2 Nb5 21. Be1 {[%cal Bd2e1,Be1f2,Bf2e3][%mdl 32]} Qg5 22. Qb3 $1 Nd6 23. Nd2 (23. a4 $16) 23... Nf5 (23... a5 $1 $11) 24. Nf1 Qh6 ({Better is} 24... Nd5) 25. Bf2 $16 Rac8 26. a3 a6 27. Rc3 Nd5 28. Rcd3 Nc7 29. e4 Nd6 30. Be3 Bg5 31. f4 Be7 32. Bf3 g5 33. Qc2 Qg6 34. fxg5 Bxg5 35. Bxg5 Qxg5 36. a4 Nde8 {[%cal Bd6e8,Be8f6,Bf6d5][%mdl 32]} 37. Qc3 Nf6 38. Kg2 Qg6 39. Nd2 Nce8 40. Re3 Rc7 41. Nc4 $2 {[#]} (41. Ree1 $14 {stays ahead.}) 41... Nd5 $1 $17 {[%cal Rd5c3][%mdl 512]} 42. exd5 cxd5 43. Bxd5 exd5 44. Qe1 Rxc4 45. Rxe8+ Rxe8 46. Qxe8+ {[%mdl 4096] Endgame KQR-KQR} Kh7 {( -> ...Rc2+)} 47. Qe1 (47. Rf1 $17 {was worth a try.}) 47... Qc2+ $19 48. Rd2 Qxa4 49. Qe7 Qxb4 50. Qh4+ Kg8 51. Qd8+ Qf8 52. Qxd5 Qc8 53. Qe5 Rc2 54. Rxc2 Qxc2+ $17 {KQ-KQ} 55. Kh3 Qc8+ 56. g4 f6 57. Qe7 Qc6 58. Qd8+ Kf7 59. d5 (59. Kg3 $17 {was necessary.}) 59... Qc3+ $19 60. Kg2 Qb2+ $1 61. Kf1 Qb5+ $1 ({Stronger than} 61... Qxh2 62. Qd7+ Kg8 63. Qe6+ Kf8 64. Qc8+ Kf7 65. Qe6+ Kg6 66. Qf5+ Kf7 67. Qe6+ Kg6 68. Qf5+ Kf7 69. Qe6+ $11) 62. Kf2 Qc5+ 63. Kf3 Qa3+ 64. Kf2 Qe7 65. Qc8 a5 66. d6 (66. Qc4 $17) 66... Qxd6 67. Qxb7+ {[#]} Kg6 $1 68. Qb1+ $2 {[#]} (68. Qe4+ {is the only way for White.} Kh6 69. Kg2) 68... Kh6 $1 69. Qc1+ (69. Kg2 $142 Qd5+ 70. Kf2) 69... g5 70. Qc8 Qxh2+ 71. Kf1 {White threatens Qh8+ and mate.} Qf4+ 72. Kg2 Qe4+ 73. Kg3 $2 (73. Kf1 Qd3+ 74. Kf2) 73... Kg7 74. Kf2 a4 75. Qd7+ Kg6 76. Qc8 {intending Qg8+.} Qd4+ 77. Kg3 Qd3+ 78. Kf2 Qd2+ 79. Kf1 Qd1+ 80. Kf2 Qd4+ $2 (80... Kf7 $19 {Threatens to win with ...Qd2+.} 81. Qb7+ Kg6) 81. Kf3 $2 {[%mdl 8192]} (81. Kg3 $1 $11) 81... Qd5+ 82. Kf2 a3 {[%cal Ba4a3,Ba3a2][%mdl 32]} 83. Qe8+ Qf7 {Black mates.} 84. Qa4 a2 85. Ke3 Qe6+ 86. Kd3 f5 87. gxf5+ Qxf5+ {Precision: White = 46%, Black = 61%.} 0-1

[Event "Fall Chess Classic-A 2018"]
[Site "Saint Louis"]
[Date "2018.10.16"]
[Round "7"]
[White "Lenderman, Aleksandr"]
[Black "Dreev, Aleksey"]
[Result "0-1"]
[WhiteElo "2626"]
[BlackElo "2649"]
[Annotator "TA"]
[PlyCount "46"]
[EventDate "2018.10.10"]
[EventType "tourn"]
[EventCountry "USA"]
[SourceTitle "playchess.com"]
[Source "ChessBase"]
[SourceQuality "1"]

{[%evp 18,46,22,21,27,32,16,0,-7,0,3,0,9,-32,-29,-56,-49,-83,-81,-165,-161,-330,-327,-314,-258,-1075,-1160,-1147,-1127,-1097,-1135]} 1. e4 c6 2. d4 d5 3. exd5 cxd5 4. Bd3 Nc6 5. c3 Qc7 6. Ne2 Bg4 7. O-O {B13: Caro-Kann: Exchange Variation and Panov-Botvinnik Attack} e6 8. Qe1 Nf6 (8... Bxe2 9. Qxe2 Nf6 10. Nd2 Bd6 11. g3 O-O 12. f4 a6 13. Nf3 b5 14. a3 Ne7 {½-½ (52) Le,Q (2715)-Nisipeanu,L (2661) Batumi 2018}) 9. f3 Bh5 10. Qh4 {LiveBook: 9 Games. Threatens to win with Nf4.} Bg6 11. Bxg6 fxg6 12. Bf4 $146 ({Predecessor:} 12. Re1 Kf7 13. Bf4 Qb6 14. Nd2 e5 {1-0 (38) Cornette,M (2602)-Risting,E (2322) Fornebu 2017}) 12... Qb6 13. Nd2 e5 {[%cal Be6e5,Be5e4,Be4f3][%mdl 32]} 14. Be3 Bd6 15. Nb3 O-O 16. Qg5 {next dxe5 is good for White.} Qc7 17. Ng3 Rae8 18. Bf2 {[#]} (18. Qh4 $17 {was worth a try.}) 18... e4 $1 $19 19. Be3 $2 {[#]} (19. Kh1) 19... h6 $1 {[%cal Rh6g5]} 20. Qh4 ({Don't blunder} 20. Qxg6 $2 Ne7 $19) 20... exf3 21. Rae1 $2 (21. Rxf3 g5 22. Bxg5 Bxg3 23. Rxg3) 21... g5 {[%cal Bg6g5,Bg5g4][%mdl 32] Black is clearly winning.} 22. Qh3 g4 23. Qh4 Ne7 {Precision: White = 19%, Black = 96%.} 0-1

[Event "Fall Chess Classic-A 2018"]
[Site "Saint Louis"]
[Date "2018.10.17"]
[Round "8"]
[White "Hammer, Jon Ludvig"]
[Black "Sethuraman, S.P."]
[Result "1/2-1/2"]
[WhiteElo "2662"]
[BlackElo "2673"]
[Annotator "TA"]
[PlyCount "80"]
[EventDate "2018.10.10"]
[EventType "tourn"]
[EventCountry "USA"]
[SourceTitle "playchess.com"]
[Source "ChessBase"]
[SourceQuality "1"]

{[%evp 21,80,0,5,0,8,0,0,-27,0,0,0,-10,0,0,0,0,8,0,0,0,0,0,0,0,0,0,0,0,0,0,0,0,0,-147,8,-100,-111,-157,-135,-155,-154,-322,-314,-331,0,0,0,0,0,0,0,0,0,0,0,0,0,0,0,0,0]} 1. c4 e5 2. Nc3 Nf6 3. Nf3 Nc6 4. e3 Bb4 5. Qc2 Bxc3 6. Qxc3 Qe7 7. d4 {A28: English Opening: Four Knights Variation} Ne4 8. Qd3 exd4 9. Nxd4 O-O 10. Be2 Qb4+ 11. Kf1 Qe7 {LiveBook: 8 Games} 12. f3 f5 13. Kg1 $146 ({Predecessor:} 13. Qd1 Nc5 14. Kf2 d6 {½-½ (23) Caruana,F (2827)-Ding,L (2804) Batumi 2018}) 13... Nc5 14. Nxc6 (14. Qc3 {is more complex.} a5 15. b3 Ne5 16. h4 d6 17. Bd2) 14... bxc6 15. Qc3 a5 16. b3 Ne6 17. c5 Ba6 18. Bxa6 Rxa6 19. Ba3 Raa8 20. h4 f4 21. e4 a4 22. b4 Rad8 23. Rd1 d6 24. cxd6 Rxd6 25. Rxd6 Qxd6 26. Kh2 Qe7 27. Rd1 (27. Qxc6 $11 {remains equal.} Qxh4+ 28. Kg1 Qe1+ 29. Kh2 Qg3+ 30. Kg1 Qe1+ 31. Kh2 Qg3+ 32. Kg1 Qe1+) 27... Qxh4+ $17 28. Kg1 Rf6 29. Qxc6 {[#]} h5 $1 (29... Rh6 $2 30. Qa8+ Nf8 31. b5 $18) 30. Qc2 ({Reject} 30. Qxa4 $6 Ng5 $11) 30... Rg6 31. Qf2 $2 (31. Qxa4 $2 {[#]} Nd4 $1 $19 {[%mdl 512]}) (31. Qe2 $17 Qg3 32. Qf2) 31... Rg3 $19 {...Ng5 is the strong threat.} 32. Rd3 Ng5 $2 (32... Qf6 $19 {Hoping for ...Qa1+.} 33. Bb2 Qe7) 33. Qe2 {The position is equal.} Nh3+ 34. Kf1 Rg6 (34... Ng5 $5 35. Kg1 $8 Nh3+ 36. Kf1 Ng5 37. Kg1 $11) 35. b5 ({Not} 35. gxh3 $2 Qxh3+ 36. Ke1 Qh1+ 37. Kd2 Rg2 $19) 35... Qg3 {White must now prevent ...Qh2.} 36. Rd8+ $1 Kh7 37. Rd5 $1 {[%cal Rd5h5]} Kh6 38. Rd8 $1 {[%cal Rd8h8]} (38. Bc5 $2 Qh2 $19) 38... Kh7 39. Rd5 $1 {[%cal Rd5h5]} Kh6 40. Rd8 $1 {[%cal Rd8h8]} ({Wrong is} 40. Bc5 $2 Qh2 $19) 40... Kh7 {Precision: White = 57%, Black = 86%.} 1/2-1/2

[Event "Fall Chess Classic-A 2018"]
[Site "Saint Louis"]
[Date "2018.10.17"]
[Round "8"]
[White "Swiercz, Dariusz"]
[Black "Lenderman, Aleksandr"]
[Result "1/2-1/2"]
[WhiteElo "2656"]
[BlackElo "2626"]
[Annotator "TA"]
[PlyCount "143"]
[EventDate "2018.10.10"]
[EventType "tourn"]
[EventCountry "USA"]
[SourceTitle "playchess.com"]
[Source "ChessBase"]
[SourceQuality "1"]

{[%evp 13,143,0,0,0,19,0,12,14,24,24,41,20,18,25,35,28,83,81,97,103,109,116,107,110,104,108,118,117,130,116,127,112,125,100,105,110,101,98,120,118,124,107,107,100,88,0,116,0,127,0,124,128,116,80,129,94,141,139,172,144,239,149,239,230,207,166,173,169,177,173,211,212,239,229,217,180,347,324,358,356,387,298,298,295,301,301,290,286,276,247,244,239,240,244,240,242,234,236,222,214,206,126,122,102,100,94,94,88,141,141,139,139,145,0,20,0,0,0,0,0,0,0,0,0,0,0,0,0,0,0,0,0]} 1. e4 e6 2. d4 d5 3. Nc3 Bb4 4. exd5 exd5 5. Bd3 Nf6 6. Nge2 O-O 7. Bg5 c6 {LiveBook: 19 Games} 8. Qd2 {C01: French: Exchange Variation} (8. O-O Re8 9. Ng3 h6 10. Bd2 Nbd7 11. Nce2 Bxd2 12. Qxd2 Nf8 13. Nf4 Qd6 14. f3 Bd7 15. Bf5 Re7 16. Bxd7 Qxd7 {½-½ (30) Shirov,A (2755)-Ivanchuk,V (2751) Morelia/Linares 2008}) 8... Be7 9. f3 $146 ({Predecessor:} 9. h4 Na6 10. O-O-O Nb4 11. f3 b5 12. Kb1 Nxd3 13. Qxd3 a5 14. g4 a4 15. Ng3 b4 {1-0 (37) Andriasian,Z (2588)-Shyam,S (2414) Chalkis 2010}) 9... a5 10. O-O Na6 11. Ng3 Nb4 12. Be2 h6 13. Bf4 c5 14. Nb5 c4 (14... cxd4 $11 {remains equal.} 15. a3 (15. Nxd4 Bc5 $11) 15... Na6) 15. c3 $16 Na6 16. b3 Be6 17. Rab1 Qd7 18. a4 Rfc8 19. Rfe1 Qc6 20. Bd1 {[%cal Be2d1,Bd1c2,Bc2f5][%mdl 32]} Bf8 21. Bc2 cxb3 22. Rxb3 Nb8 23. Nf5 Bxf5 24. Bxf5 Nbd7 25. Reb1 Be7 26. Kh1 Bf8 27. Bg3 Be7 28. Re1 Bf8 29. Reb1 Be7 $1 30. Bf4 Bf8 $1 31. Kg1 Be7 $1 32. g4 Ne8 33. Re1 Bf8 34. Rbb1 Rd8 35. Bc2 Nb6 36. h4 {[%cal Bh2h4,Bh4h5][%mdl 32] Threatens to win with Qd3.} g6 (36... Nc4 $16 {is a better defense.} 37. Qd3 g6) 37. h5 $40 {[%mdl 128] aiming for hxg6. White goes for the king.} g5 (37... Nc4 $16 38. Qd3 Ra6) 38. Qd3 $18 {[%csl Gc2][%cal Rd3h7]} Nf6 39. Bc7 Re8 40. Be5 Nbd7 41. Kg2 Re6 42. Bg3 Rae8 43. Rxe6 Rxe6 44. Nc7 Re7 $2 (44... Rd6) 45. Rb5 {Strongly threatening Nxd5!} Bg7 46. Rxa5 b6 47. Ra7 Nf8 48. Nb5 Rxa7 49. Nxa7 Qb7 50. Nb5 Ne6 51. Qe3 Qc6 52. Bf5 Nf4+ 53. Bxf4 gxf4 54. Qxf4 Qc4 55. Qd2 Qxa4 {[#]} 56. Bd3 $1 Ne8 57. Qc2 Qa8 58. Bh7+ Kh8 59. Bf5 Qd8 60. Qa2 Bf6 (60... Kg8 $142 61. Qd2 Qe7) 61. Qa7 $16 Kg8 {[#]} 62. Qd7 $1 Qa8 63. Kh3 ({White should play} 63. f4 $16) 63... Kf8 $1 $11 {The position is equal.} 64. Nd6 Nxd6 65. Qxd6+ Kg7 66. Bd3 Qa1 67. Qxd5 Qh1+ 68. Kg3 Qe1+ 69. Kh3 {With the idea Bc4.} Qh1+ 70. Kg3 Qe1+ 71. Kh3 {Black should prevent Bc4.} Qh1+ 72. Kg3 {Precision: White = 67%, Black = 57%.} 1/2-1/2

[Event "Fall Chess Classic-A 2018"]
[Site "Saint Louis"]
[Date "2018.10.17"]
[Round "8"]
[White "Dreev, Aleksey"]
[Black "Robson, Ray"]
[Result "1-0"]
[WhiteElo "2649"]
[BlackElo "2682"]
[Annotator "TA"]
[PlyCount "113"]
[EventDate "2018.10.10"]
[EventType "tourn"]
[EventCountry "USA"]
[SourceTitle "playchess.com"]
[Source "ChessBase"]
[SourceQuality "1"]

{[%evp 31,113,0,0,0,0,0,19,17,21,18,22,22,39,39,39,39,42,43,45,45,45,45,58,57,59,15,45,45,45,45,45,45,46,46,47,47,47,47,48,16,16,16,36,36,36,0,37,8,20,8,8,8,8,8,8,8,8,8,20,20,20,20,20,20,20,20,29968,29970,29969,29968,29979,29980,29980,29981,29981,29982,29982,29983,29983,29984,29984,29980,29987,29988]} 1. d4 Nf6 2. c4 g6 3. Nc3 d5 4. Nf3 Bg7 5. Bf4 O-O 6. Rc1 Be6 7. e3 dxc4 8. Ng5 Bd5 9. e4 h6 10. exd5 hxg5 11. Bxg5 Nxd5 12. Bxc4 Nb6 13. Bb3 Nc6 14. d5 {D92: Grünfeld: 4 Nf3 Bg7 5 Bf4} Nd4 15. O-O Qd7 16. h4 (16. Re1 Rfe8 17. h4 Rad8 18. a4 Nxb3 19. Qxb3 Nxd5 20. Nxd5 Qxd5 21. Qxd5 Rxd5 22. Rxc7 {½-½ (59) Xiong,J (2665)-Bok,B (2636) Saint Louis 2018}) 16... Rfe8 {LiveBook: 4 Games} 17. a3 Nxb3 18. Qxb3 e6 $146 (18... Bxc3 {seems wilder.} 19. Rxc3 Qxd5 20. Qc2 c6 21. Re1 Qf5) ({Predecessor:} 18... Bxc3 19. Rxc3 Qxd5 20. Qc2 c6 21. Rg3 Qf5 22. Qxf5 gxf5 23. Bxe7+ {½-½ (42) Basso,P (2460)-Kiewra,K (2433) Douglas 2017}) 19. dxe6 Qxe6 20. Qxe6 Rxe6 21. Nb5 Bxb2 22. Nxc7 ({Of course not} 22. Rxc7 a6 $15) 22... Bxc1 23. Rxc1 Rc8 {aiming for ...Rc6.} 24. Nxe6 Rxc1+ 25. Bxc1 fxe6 $14 {[%mdl 4096] Endgame KB-KN} 26. Kf1 Nd5 27. Ke2 b5 28. Bd2 Ne7 29. Kd3 Nc6 $1 30. Bc3 Kf7 31. g4 a5 32. Bb2 Kg8 33. Ke4 Kf8 34. Kf4 Kf7 35. f3 Ne7 36. Ke4 Nc6 37. Ba1 Kg8 38. Bb2 Kf7 39. f4 Kg8 40. f5 exf5+ 41. gxf5 Kf7 42. fxg6+ Kxg6 43. Kd5 Ne7+ 44. Kc5 Nf5 45. Kxb5 Nxh4 46. a4 Kf7 47. Kxa5 Nf5 48. Kb6 Nd6 $2 {[%mdl 8192] [#]} (48... Ne3 $11) 49. Be5 $1 {White mates.} Nc4+ {[#]} 50. Kb5 $1 Na3+ 51. Kc5 Ke7 52. a5 {[%cal Ba4a5,Ba5a6,Ba6a7][%mdl 32]} Kd7 53. a6 Kc8 54. Bd6 Nc2 55. Kb6 Ne3 56. a7 Nd5+ 57. Ka6 {Precision: White = 76%, Black = 55%.} 1-0

[Event "Fall Chess Classic-A 2018"]
[Site "Saint Louis"]
[Date "2018.10.17"]
[Round "8"]
[White "Akobian, Varuzhan"]
[Black "Kuzubov, Yuriy"]
[Result "1/2-1/2"]
[WhiteElo "2641"]
[BlackElo "2655"]
[Annotator "TA"]
[PlyCount "98"]
[EventDate "2018.10.10"]
[EventType "tourn"]
[EventCountry "USA"]
[SourceTitle "playchess.com"]
[Source "ChessBase"]
[SourceQuality "1"]

{[%evp 20,98,18,20,21,18,8,22,26,31,32,28,31,26,39,31,33,31,55,48,49,50,50,45,52,50,53,42,47,13,16,9,16,24,52,44,35,25,64,50,65,56,86,73,92,78,103,83,102,10,18,12,10,0,8,0,0,0,0,0,0,0,0,0,0,0,0,0,0,0,0,0,0,0,0,0,0,0,0,0,0]} 1. d4 Nf6 2. c4 e6 3. Nf3 d5 4. Nc3 Be7 5. Bf4 O-O 6. e3 Nbd7 7. a3 {D37: Queen's Gambit Declined: 5 Bf4} c5 8. cxd5 Nxd5 9. Nxd5 exd5 10. dxc5 Nxc5 11. Be5 {LiveBook: 161 Games} Bf6 12. Bxf6 Qxf6 13. Qd4 Qxd4 14. Nxd4 Bd7 {[#]} 15. g3 $146 Rfd8 16. Bg2 Ba4 17. O-O Rac8 18. Rac1 Nb3 19. Rxc8 Rxc8 20. Bxd5 Nxd4 21. exd4 $14 {[%mdl 4096] Endgame KRB-KRB} b6 22. b3 Bd7 23. Re1 {Black must now prevent Re7.} Kf8 24. Bf3 Bh3 25. Bg2 Bd7 26. Be4 Bh3 27. d5 ({Don't play} 27. Bxh7 g6 $17) 27... Bd7 28. Re3 Ke7 29. Bxh7+ Kd6 30. Be4 Bh3 {[#] ( -> ...Rc1+)} 31. f3 $1 Rc1+ 32. Kf2 Rf1+ 33. Ke2 Rh1 {[#]} 34. Rc3 ({White should play} 34. g4 $1 $16) 34... Rxh2+ $11 {The position is equal.} 35. Ke3 Bd7 36. Kf4 a5 37. a4 Re2 38. g4 f6 39. g5 fxg5+ 40. Kxg5 Rg2+ 41. Kf4 g5+ 42. Ke3 g4 43. fxg4 Rg3+ 44. Kd4 Rxc3 45. Kxc3 Bxg4 46. b4 Bd1 47. bxa5 bxa5 48. Bc2 Bxc2 49. Kxc2 Kxd5 {Precision: White = 66%, Black = 80%.} 1/2-1/2

[Event "Fall Chess Classic-A 2018"]
[Site "Saint Louis"]
[Date "2018.10.18"]
[Round "9"]
[White "Robson, Ray"]
[Black "Swiercz, Dariusz"]
[Result "1-0"]
[WhiteElo "2682"]
[BlackElo "2656"]
[Annotator "TA"]
[PlyCount "73"]
[EventDate "2018.10.10"]
[EventType "tourn"]
[EventCountry "USA"]
[SourceTitle "playchess.com"]
[Source "ChessBase"]
[SourceQuality "1"]

{[%evp 9,73,6,4,-8,0,-4,0,0,0,0,0,0,8,12,28,33,49,50,43,43,42,30,40,0,0,0,24,18,26,27,19,18,24,23,24,23,56,62,68,45,33,31,31,21,25,0,0,0,0,0,50,-21,64,62,92,91,94,90,103,116,451,451,451,452,1051,1008]} 1. c4 e6 2. Nf3 d5 3. e3 Nf6 4. b3 b6 (4... c5 5. cxd5 exd5 6. Bb2 Nc6 7. Bb5 Bd6 8. d4 cxd4 9. Nxd4 O-O 10. O-O Qb6 11. Bd3 Be5 12. Qd2 Nxd4 13. exd4 Bd6 14. Nc3 Bd7 15. Rfe1 Rfe8 {0-1 (62) Mamedyarov,S (2801)-Giri,A (2782) chess.com INT 2018}) 5. d4 Bb7 6. cxd5 {A13: English Opening: 1...e6} exd5 7. Bd3 Bb4+ 8. Nbd2 {The position is equal.} Nbd7 9. Bb2 Qe7 10. O-O O-O 11. Ne5 Nxe5 $146 ({Predecessor:} 11... Ne4 12. Nxe4 dxe4 13. Bc4 a6 14. a4 Nxe5 15. dxe5 {½-½ (45) Kozlov,A (2304)-Romanov,V (1884) ICCF email 2013}) 12. dxe5 Ne4 13. Nxe4 dxe4 14. Bc4 Rad8 15. Qc2 a5 16. h3 Rd2 17. Qc1 {[#] a3 is the strong threat.} Rdd8 18. a3 Bc5 $1 19. Qc2 h6 20. Rfd1 Rfe8 21. Qc3 Kf8 22. Rdc1 Kg8 23. Bb5 c6 24. Be2 Bc8 $1 25. e6 {[%csl Gb2][%cal Rc3g7]} f6 26. Bh5 Bxe6 {Hoping for ...Rd3.} 27. Bxe8 Rd3 28. Bxc6 Rxc3 29. Rxc3 f5 (29... Bxb3 $5 30. a4 (30. Rxb3 Qe6 $11) 30... Qe6 $11) 30. Bb5 (30. b4 $14 axb4 31. axb4 Bxb4 32. Rcc1) 30... Qd6 ({Better is} 30... f4 $11 31. exf4 Qf6) 31. b4 $1 $36 {[%cal Rb4c5][%mdl 2048] White is more active.} Qd2 32. Rb1 axb4 33. axb4 Bxb4 {[#]} 34. Rc7 $1 {[%cal Rc7g7]} Ba2 $2 {[%mdl 8192]} (34... Bf7 $16 {is more resistant.}) 35. Rxg7+ $18 {White is clearly winning.} Kf8 36. Ra7 (36. Rd7 Qxd7 37. Bxd7 Bxb1 $16) 36... Qc2 ({And not} 36... Bxb1 37. Bg7+ Kg8 38. Bc4+ Qd5 39. Bxd5+ Kh7 40. Bd4+ Be7 41. Rxe7+ Kg6 42. Rg7+ Kh5 43. Bf7+ Kh4 44. Bf6#) (36... Be6 $142 37. Ba4 b5 38. Bxb5 Bc5) 37. Rc1 {Precision: White = 73%, Black = 41%.} 1-0

[Event "Fall Chess Classic-A 2018"]
[Site "Saint Louis"]
[Date "2018.10.18"]
[Round "9"]
[White "Sethuraman, S.P."]
[Black "Dreev, Aleksey"]
[Result "1/2-1/2"]
[WhiteElo "2673"]
[BlackElo "2649"]
[Annotator "TA"]
[PlyCount "60"]
[EventDate "2018.10.10"]
[EventType "tourn"]
[EventCountry "USA"]
[SourceTitle "playchess.com"]
[Source "ChessBase"]
[SourceQuality "1"]

{[%evp 17,60,-8,-10,-2,3,-52,-49,-56,-40,-48,-50,-44,-35,-37,-32,-42,-29,-55,-22,-37,-31,-36,-18,-32,-30,-43,-17,-19,-10,-12,-10,-20,-10,-10,-9,-20,-10,-13,-8,-16,-6,-7,0,0,0]} 1. Nf3 d5 2. c4 c6 3. e3 Nf6 4. Nc3 a6 5. d4 Bf5 6. Qb3 Ra7 {D15: Damengambit (Slawische Verteidigung)} (6... b5 7. c5 a5 8. Nh4 Bc8 9. f4 g6 10. Bd3 Nh5 11. Nf3 Bf5 12. e4 a4 13. Qc2 dxe4 14. Bxe4 Bxe4 15. Nxe4 {0-1 (53) Gelfand,B (2703)-Grandelius,N (2655) Batumi 2018}) 7. Bd2 e6 8. Nh4 Be4 9. f3 dxc4 $1 {LiveBook: 6 Partien} 10. Bxc4 Bd5 $1 {[%cal Rd5c4] Droht ...Lxc4 und aus.} 11. g3 (11. f4 $11) 11... Bxc4 $1 $15 12. Qxc4 b5 13. Qe2 c5 14. dxc5 Bxc5 {[#]} 15. O-O $146 O-O 16. Rfd1 Rd7 17. Be1 Qb6 18. Bf2 Rfd8 19. Ng2 Nc6 20. Rxd7 Rxd7 21. Rd1 Rxd1+ 22. Nxd1 {Die Stellung ist ausgeglichen.} h6 23. Ne1 Ne5 24. Nd3 Nxd3 25. Qxd3 Nd5 26. a3 Qc7 27. e4 Nb6 28. Kf1 Bxf2 29. Kxf2 Qc5+ 30. Ne3 Nc4 {Precision: Weiß = 60%, Schwarz = 59%.} 1/2-1/2

[Event "Fall Chess Classic-A 2018"]
[Site "Saint Louis"]
[Date "2018.10.18"]
[Round "9"]
[White "Bruzon Batista, Lazaro"]
[Black "Hammer, Jon Ludvig"]
[Result "1/2-1/2"]
[WhiteElo "2653"]
[BlackElo "2662"]
[Annotator "TA"]
[PlyCount "84"]
[EventDate "2018.10.10"]
[EventType "tourn"]
[EventCountry "USA"]
[SourceTitle "playchess.com"]
[Source "ChessBase"]
[SourceQuality "1"]

{[%evp 23,84,12,3,0,0,8,23,29,33,31,24,25,23,28,26,29,31,24,27,26,22,5,16,17,32,15,48,21,300,25,208,0,0,0,11,2,2,7,7,0,4,6,9,5,12,0,0,0,0,0,0,0,0,0,0,0,0,0,0,0,0,0,0]} 1. e4 e5 2. Nf3 Nc6 3. Bb5 Nf6 4. O-O Nxe4 5. Re1 Nd6 6. Nxe5 Be7 7. Bf1 Nxe5 8. Rxe5 O-O 9. d4 Bf6 10. Re1 Re8 {C67: Spanische Partie (Berliner Verteidigung)} 11. Rxe8+ (11. c3 Rxe1 12. Qxe1 Ne8 13. d5 c6 14. Nd2 cxd5 15. Nf3 d6 16. Be3 Nc7 17. Qd2 Bd7 18. g3 {½-½ (32) Giri,A (2780)-Caruana,F (2827) Batumi 2018}) 11... Nxe8 12. d5 d6 {LiveBook: 11 Partien} 13. c3 {[#]} c6 $146 ({Vorgänger:} 13... Bg5 14. Nd2 Bd7 15. h3 Nf6 16. Nc4 Bxc1 17. Rxc1 a5 18. Ne3 Qb8 19. Qd4 Qa7 20. Qxa7 Rxa7 21. Rd1 {½-½ (21) Sangma,R (2311)-Atalik,S (2545) Bhopal 2017}) 14. Qf3 cxd5 15. Qxd5 Nc7 16. Qf3 d5 17. Be3 d4 18. cxd4 Bxd4 19. Nc3 Bxe3 20. Qxe3 Be6 21. Rd1 $36 {[%mdl 2048] Weiss hat Druck.} Qe7 22. f4 {Schwarz muss nun f5! beachten.} Qb4 23. Rd2 Qa5 24. Qd4 Re8 25. Qd6 Na8 $2 {[%mdl 8192] [#]} (25... g6 $11) 26. Bb5 $2 (26. f5 $1 $18 {[%cal Rf5e6][%mdl 512]} Bxf5 (26... Qxf5 27. Qe7) 27. Rd5) 26... Rc8 $2 {[#]} (26... Rf8 $1 $11 {und Schwarz steht sicher.}) 27. Bd3 $2 (27. f5 $1 $18 {[%cal Rf5e6]} Bxf5 28. Nd5 Rc1+ 29. Bf1) 27... g6 $11 {Droht stark ...Td8.Die Stellung ist ausgeglichen.} 28. Be2 Qb6+ 29. Qxb6 Nxb6 30. Rd4 Rc7 31. Kf2 Kf8 32. g4 a6 33. h3 Ke7 34. Rb4 Nd5 35. Nxd5+ Bxd5 {[%mdl 4096] Endspiel KTL-KTL} 36. Bf3 Rc2+ 37. Ke3 Bxf3 (37... a5 {looks sharper.} 38. Rb6 Bc6 39. Bxc6 bxc6 40. Kf3 a4) 38. Kxf3 b5 39. a4 bxa4 40. Rxa4 Rxb2 41. Rxa6 Rb3+ 42. Kg2 Kf8 {Precision: Weiß = 57%, Schwarz = 45%.} 1/2-1/2